• 首页
  • 本馆介绍
  • 公告通知
  • 最新文献
  • 馆藏检索
  • 电子资源
  • 读者导购
  • 参考咨询
  • 我的图书馆
  • 登录
  • 详细信息显示
  • 放入我的书架
  • 预约/预借图书
  • 作者相关作品
  • 分类相关作品
  • 丛书相关作品
  • 出版社相关作品

书目信息

  • 表格格式
  • 工作单格式
  • 卡片格式
题名:
汇编语言程序设计实验指导及习题集
    
 
作者: 吴向军 编
分册:  
出版信息: 北京   高等教育出版社  2004
页数: 238页
开本: 23cm
丛书名:
单 册:
中图分类: TP313
科图分类:
主题词: 汇编语言--程序设计--高等教育--自学参考资料
电子资源:
ISBN: 978-7-04-014237-2
000 00875n|m0 2200241 450-
001 0102547739
005 20121109170000.0
010    @a978-7-04-014237-2@dCNY19.50
100    @a20040802d2004 em y0chiy0120 ea
101 0  @achi
102    @aCN@b110000
105    @ay z 000yy
135    @adrbn ---auuuu
200 1  @a汇编语言程序设计实验指导及习题集@9Hui Bian Yu Yan Cheng Xu She Ji Shi Yan Zhi Dao Ji Xi Ti Ji @f吴向军等[编]@b电子资源.图书
210    @a北京@c高等教育出版社@d2004
215    @a238页@d23cm
325    @a电子复制品
330    @a本书对这门计算机专业中重要的基础课程,以相关教材为基础,从基本的调试工具开始以由易到难的原则编写相关实验,并提供教材中练习的答案。
606 0  @a汇编语言@x程序设计@x高等教育@j自学参考资料
690    @aTP313@v4
701  0 @a吴向军@4编@9wu xiang jun
801  0 @aCN@bAZmarc@c20230903
905    @dTP313@e111@f1@sTP313/111@aBZT
    
    汇编语言程序设计实验指导及习题集/吴向军等[编][电子资源.图书].-北京:高等教育出版社,2004
    238页;23cm
    
    
    ISBN 978-7-04-014237-2:CNY19.50
    本书对这门计算机专业中重要的基础课程,以相关教材为基础,从基本的调试工具开始以由易到难的原则编写相关实验,并提供教材中练习的答案。
●
相关链接 在五车中查询图书 在当当中查询图书 在豆瓣中查询图书


正题名:汇编语言程序设计实验指导及习题集     索取号:TP313/111         预约/预借

序号 登录号 条形码 馆藏地/架位号 状态 备注
1 2000013665   2000013665   旧书回溯/ [索取号:TP313/111] 在馆    
山东省滨州职业学院图书馆 欢迎您!
大连网信软件有限公司© 版权所有